Library of the University of Algiers 3
Ibrahim Sultan Cheibout
شعار جامعة الجزائر 3
مكتبة جامعة الجزائر 3
إبراهيم سلطان شيبوط

الجرائم السياسية وأوامر الإعتقال وقانون الطوارئ / (رقم التسجيلة. 45425)

تفاصيل مارك
000 -LEADER
fixed length control field 01092nam a2200241Ia 4500
003 - CONTROL NUMBER IDENTIFIER
control field Ost
005 - DATE AND TIME OF LATEST TRANSACTION
control field 20260507075642.0
008 - FIXED-LENGTH DATA ELEMENTS--GENERAL INFORMATION
fixed length control field 260507s9999||||xx |||||||||||||| ||und||
020 ## - INTERNATIONAL STANDARD BOOK NUMBER
International Standard Book Number 5050603977
040 ## - CATALOGING SOURCE
Transcribing agency fsecg
041 ## - LANGUAGE CODE
Language code of text/sound track or separate title ara
082 ## - DEWEY DECIMAL CLASSIFICATION NUMBER
Classification number 364.131
100 ## - MAIN ENTRY--PERSONAL NAME
Personal name الشواربي، عبد الحميد
Relator term مؤلف
245 #0 - TITLE STATEMENT
Title الجرائم السياسية وأوامر الإعتقال وقانون الطوارئ /
Statement of responsibility, etc. عبد الحميد الشواربي
250 ## - EDITION STATEMENT
Edition statement طبعة 2
260 ## - PUBLICATION, DISTRIBUTION, ETC.
Place of publication, distribution, etc. الإسكندرية:
Name of publisher, distributor, etc. منشأة المعارف,
Date of publication, distribution, etc. 1999
300 ## - PHYSICAL DESCRIPTION
Extent 161 صفحة؛
Other physical details إيضاحات ؛
Dimensions 24 سم
520 ## - SUMMARY, ETC.
Summary, etc. الإجرام السياسي ، نبذة تاريخية عن الجرائم السياسية، تعريف الجريمة السياسية، النتائج المترتبة على تحديد الجرائم السياسية، أنظمة الأحكام العرفية والطوارئ، تشريعات أمن الدولة
653 ## - INDEX TERM--UNCONTROLLED
Uncontrolled term الجرائم السياسية
653 ## - INDEX TERM--UNCONTROLLED
Uncontrolled term السياسة
653 ## - INDEX TERM--UNCONTROLLED
Uncontrolled term القانون
942 ## - ADDED ENTRY ELEMENTS (KOHA)
Koha item type كتب
المقتنيات
Withdrawn status Lost status Source of classification or shelving scheme Damaged status Not for loan Home library Current library Date acquired Serial enumeration / chronology Inventory number Total checkouts Full call number Barcode Date last seen Price effective from Koha item type
    Dewey Decimal Classification   NOT LOAN / إعارة داخلية مكتبة كلية العلوم الإقتصادية والعلوم التجارية وعلوم التسيير مكتبة كلية العلوم الإقتصادية والعلوم التجارية وعلوم التسيير 07/05/2026 الطابق الأرضي 938/1   أ/938ن1 938/1 07/05/2026 07/05/2026 كتب

موارد الويب المفتوحة


© University of Algiers 3 All Rights Reserved
|
Implemented by LECHELAH Riad